Avoid the Antagonists Quiz Stats

 Plays Quiz Updated Oct 9, 2018

Score 0/20 Timer 04:00
7 Plays Today
Question Answer Wrong Answers
Which character is not an antagonist? Dora the Explorer
96.4%
Claude Frollo
0.3%
Miles Quaritch
0.5%
Michael Myers
0.3%
Which character is not an antagonist? Pongo
96.2%
Maleficent
0.2%
Hans Landa
0.4%
Nurse Ratched
0.7%
Which character is not an antagonist? Forrest Gump
95.5%
Buffalo Bill
0.8%
Mr. Burns
0.5%
Norman Bates
0.7%
Which character is not an antagonist? Captain Picard
93.7%
Judge Doom
1.1%
Mr. Swackhammer
0.7%
Khan Noonien Singh
2.1%
Which character is not an antagonist? Batman
93.4%
Dr. Doom
0.6%
Cersei Lannister
3.1%
Hans Gruber
0.6%
Which character is not an antagonist? Marge Gunderson
93%
Jason Vorhees
0.5%
Ursula
0.4%
Bellatrix Lestrange
3.6%
Which character is not an antagonist? John Mcclane
92%
Doctor Octopus
0.7%
Darth Vader
0.4%
Gustavo Fring
4.3%
Which character is not an antagonist? Gandalf the Grey
91.9%
Saruman
2.2%
Count Dooku
2.3%
Francisco Scaramanga
1.1%
Which character is not an antagonist? Chris Gardner
91.2%
Auric Goldfinger
3.1%
Pennywise
0.4%
Negan
2.7%
Which character is not an antagonist? Indiana Jones
91%
Theodore Bagwell
1.5%
Cigarette Smoking Man
1.5%
Judge Turpin
3.6%
Which character is not an antagonist? Arnold Shortman
90.1%
Scar
1.8%
Gaston
5.3%
Jigsaw Killer
0.4%
Which character is not an antagonist? Atticus Finch
89.2%
Lex Luthor
5%
Freddy Krueger
0.6%
Ramsay Snow
2.6%
Which character is not an antagonist? Cyclops
89.2%
The Joker
0.3%
Anton Chigurh
4.2%
Mrs. Finster
3.8%
Which character is not an antagonist? George Bailey
87.4%
Sideshow Bob
1.7%
Regan MacNeil
2.6%
Annie Wilkes
5.7%
Which character is not an antagonist? Jack Bauer
76.7%
Marlo Stanfield
14.4%
The Master
1.8%
Vern Schillinger
4.5%
Which character is not an antagonist? Juror #8
74.7%
Syndrome
2.9%
Newman
13.5%
Delbert Grady
6.3%
Which character is not an antagonist? Jack Skellington
73.3%
Dr. Evil
2%
T-1000
7.5%
Hal 9000
14.8%
Which character is not an antagonist? Ellen Ripley
72.6%
Al
4.8%
Max Cady
3.5%
The Man in Black
16.5%
Which character is not an antagonist? Storm
50%
Abomination
3.3%
Riddler
1%
Ozymandias
43.3%
Which character is not an antagonist? Nite Owl
38.1%
Amon Göth
12.3%
Wicked Witch
1%
Trinity Killer
46.2%

You're not logged in!

Compare scores with friends on all Sporcle quizzes.
OR
Log In

Sporcle TV

Today on Sporcle TV


Watch our educational content, quiz creation guides, and fun videos on Sporcle TV.

Show Comments

Extras

Top Quizzes Today


Score Distribution

Your Account Isn't Verified!

In order to create a playlist on Sporcle, you need to verify the email address you used during registration. Go to your Sporcle Settings to finish the process.

Report this User

Report this user for behavior that violates our Community Guidelines.

Details: